00922cam a22002297a 4500003000500000005001700005008004100022010001000063011001000073035001000083040000900093100004000102245020100142260004100343300005900384502011200443650001400555650002300569650003600592650003500628700002900663CHAP20220329142607.0020228d2002    mx abd  r     00110 spa d  a85415  a86387  a96925  cCHAP00aCervantes Iturbide, Claudia Lorena.10aAnálisis financiero de la producción de carne de avestruz (Struthio camelus) en San Juan Ixtayopan, Tláhuac, Distrito Federalc/por Claudia Lorena Cervantes Iturbide y Benito González Paso  aChapingo, Méx. :bEl autor,c2002.  a91 h. :bilus. ; gráfs. ; mapas ; cuadros ; diagrama  aTesis (Ing. Agr. Esp. en Economía Agrícola) -- UACH. División de Ciencias Económico Administrativas14aAvestruz.14aCarne de avestruz.14aProductos avícolasxMercadeo.14aProductos avícolasxPrecios.0 aGonzález Paso, Benito.